|
|
|
|
| LEADER |
02907nam a22003494a 4500 |
| 001 |
35387 |
| 003 |
BD-DhAAL |
| 005 |
20211129143103.0 |
| 008 |
190909t2004 cau b 001 0 eng |
| 999 |
|
|
|c 41182
|d 41182
|
| 010 |
|
|
|a 2003015570
|
| 020 |
|
|
|a 0761930302 (cloth)
|
| 020 |
|
|
|a 0761930310 (pbk.)
|
| 040 |
|
|
|a DLC
|c DLC
|d DLC
|d BD-DhAAL
|
| 042 |
|
|
|a pcc
|
| 050 |
0 |
0 |
|a LC196
|b .E393 2004
|
| 082 |
0 |
0 |
|a 370.115
|2 22
|
| 245 |
0 |
0 |
|a Educational foundations :
|b an anthology of critical readings /
|c edited by Alan S. Canestrari, Bruce A. Marlowe.
|
| 260 |
|
|
|a Thousand Oaks, Calif. :
|b Sage Publications,
|c c2004.
|
| 300 |
|
|
|a xv, 244 pages ;
|c 22 cm.
|
| 504 |
|
|
|a Includes bibliographical references and index.
|
| 505 |
0 |
|
|a Educating Esmé : diary of a teacher's first year / Esmé Codell -- The green Monongahela / John Taylor Gatto -- Death at an early age : the destruction of the hearts and minds of Negro children in the Boston public schools / Jonathan Kozol -- Horace's compromise / Theodore Sizer -- What should teachers do? : Ebonics and culturally responsive instruction / Lisa Delpit -- Racism, discrimination, and expectations of students' achievement / Sonia Nieto -- Full inclusion as disclosing tablet : revealing the flaws in our present system / Mara Sapon-Shevin -- Making the most of the classroom mosaic / Bruce Marlowe and Marilyn Page -- The banking concept of education / Paulo Freire -- On stir-and-serve recipes for teaching / Susan Ohanian -- Psst-- it ain't about tests, it's still about great teaching / Robert DiGiulio -- So, what do you do now? / Neil Postman and Charles Weingartner -- The Paideia proposal : rediscovering the essence of education / Mortimer Adler -- When learning matters : using learning plans to educate one student at a time / Elliot Washor -- What to look for in a classroom / Alfie Kohn -- The idea of Summerhill / A.S. Neill -- Grading : the issue is not how but why? / Alfie Kohn -- The courage to be constructivist / Martin G. Brooks and Jacqueline Grennon Brooks -- The standards fraud / William Ayers -- A mania for rubrics / Thomas Newkirk -- Teachers as transformative intellectuals / Henry Giroux -- Resistance and courage : a conversation with Deborah Meier -- Speaking in a critical voice / Marilyn Page -- Developing a critical voice : an interview with Alfie Kohn.
|
| 526 |
|
|
|a BIED
|
| 541 |
|
|
|a Complimentary copy from BIED
|e 35387
|
| 650 |
|
0 |
|a Critical pedagogy.
|9 34334
|
| 650 |
|
0 |
|a Teaching.
|x Education, primary
|9 34335
|
| 650 |
|
0 |
|a Teachers.
|9 34336
|
| 700 |
1 |
|
|a Canestrari, Alan S.
|9 34337
|
| 700 |
1 |
|
|a Marlowe, Bruce A.
|9 34338
|
| 852 |
|
|
|a Ayesha Abed Library
|c BIED Collection
|
| 942 |
|
|
|2 ddc
|c BK
|
| 952 |
|
|
|0 0
|1 0
|2 ddc
|4 0
|6 370_115000000000000_EDU
|7 0
|9 66214
|a BRACUL
|b BRACUL
|c GEN
|d 2019-09-09
|e Complimentary copy from BIED
|l 0
|o 370.115 EDU
|p 3010035387
|r 2019-09-09
|t 1
|w 2019-09-09
|y BK
|x Transferred from BIED to General Stacks
|